000 01851nam0a2200349 4500
001 RU\NLR\BIBL_A\022096010
005 20240130165019.0
010 _a978-5-98344-721-9
_9300
021 _aRU
_bКН-П-23-071113
_9КН-П-23-7212
035 _a(NLR Aleph) 022096010
090 _a12731401
_c12731401
100 _a20231213d2023 k y0rusy50 ca
101 0 _arus
_erus
_eeng
102 _aRU
105 _aасh|z|||000yy
181 0 _ai3
_baxxe
182 0 _an
200 1 _aОбщество, власть и периодическая печать Мордовии в условиях реформ 1953 - 1964 гг.
_dSociety, power and the periodicals of Mordovia in the conditions of reforms of 1953 - 1964
_eмонография
_fЛ. Н. Резяпкина
_g[Научно-исследовательский институт гуманитарных наук при Правительстве РМ]
_zeng
203 _aТекст
_bвизуальный
_cнепосредственный
210 _aСаранск
_cНИИ гуманитарных наук при Правительстве Республики Мордовия
_d2023
215 _a198 с.
_cил., табл.
_d21
300 _aАвт. также на англ. яз.: L. N. Rezyapkina
320 _aБиблиогр. в конце гл.
510 1 _6z92790
_aSociety, power and the periodicals of Mordovia in the conditions of reforms of 1953 - 1964
_zeng
606 1 _aПериодические издания
_yМордовская АССР
_2nlr_sh2
_3RU\NLR\AUTH\66871723
686 1 _aЧ612.4(2Р-6Мо)
700 1 _aРезяпкина
_bЛ. Н.
_gЛюдмила Николаевна
790 1 _6z92510
_aRezjapkina
_bL. N.
_gLjudmila Nikolaevna
942 _cBOOK
980 _aNB